| 000 | 00686nam a2200217 a 4500 | ||
|---|---|---|---|
| 005 | 20240316063827.0 | ||
| 008 | 010828s2000 es r 000 0 spa d | ||
| 020 | _a8433015230 | ||
| 035 | _aUPN01000110547 | ||
| 049 | _aCG | ||
| 050 | 4 |
_aBF575 S7.5 _bL3.38 |
|
| 100 | 1 |
_aLazarus, Richard S., _d1922-2002 _928965 |
|
| 245 | 1 | 0 |
_aEstrés y emoción : _bmanejo e implicaciones en nuestra salud / _cRichard S. Lazarus ; tr. Jasone Aldekoa. |
| 260 |
_aBilbao, Esp. : _bDesclée de Brouwer, _c2000. |
||
| 300 | _a327 p. | ||
| 440 | 0 |
_aBiblioteca de psicología ; _v106 |
|
| 650 | 2 |
_aEstrés (psicología) _96597 |
|
| 650 | 4 |
_aEmociones _939 |
|
| 650 | 7 |
_aAnsiedad _2 _94750 |
|
| 905 | _aLibro | ||
| 999 |
_c84456 _d84456 |
||